LDR 00745naa#a2200181#i#450# 001 EN\\bibl\120745 005 20260430061909.4 011 ## _a2687-0185 100 ## _a20250212b2025####ek#y0engy0150####ca 102 ## _aRU 200 1# _aCoercion as a method of administrative activity of the police _eJournal article 210 1# _aMoscow _cMoscow University of the Ministry of Internal Affairs of Russia named after V.Ya. Kikot _d2025 215 ## _a3 с. 608 ## _aJournal article _2local 675 ## _aПраво. Юридические науки. 34 _aГосударственная власть. Государственные органы. 342.5 _z 700 #1 _aPotapenkova _gIrina Viktorovna 700 #1 _aSychev _gEvgeniy Anatol'evich 856 4# _amosumvd.editorum.ru _u